000 00845cam a2200265 i 4500
001 2298
005 20231115121854.0
020 _a9780399555503
020 _a9780590430494
040 _aDLC
_beng
_cDLC
_erda
050 0 0 _aPZ7.L6634
_bSwi 2017
082 0 0 _a741.642
_223
100 1 _aLionni, Leo
_d1910-1999
_eauthor
_eillustrator
245 1 0 _aSwimmy /
_cby Leo Lionni
250 _aFirst Scholastic printing, October 1989
260 _aNew York :
_bScholastic,
_c1963
300 _a23 unnumbered pages :
_billustrations
_c23 cm
505 _aK
520 _aA little black fish in a school of red fish figures out a way of protecting them all from their natural enemies.
521 _a570
_bLexile
521 _aK
_bRaz-Plus
650 1 _aFishes
_vFiction.
906 _a7
_bcbc
_corigcop
_d2
_encip
_f20
_gy-gencatlg
942 _2ddc
_cBK
_n0
999 _c2298
_d2298